Statistics for Wwe Theme Songs

Click here to take the quiz!

General Stats

  • This quiz has been taken 456 times
  • The average score is 5 of 18

Answer Stats

HintAnswer% Correct
randy ortonvoices
89%
cm punkcult of personality
59%
jeff hardyno more words
54%
kofi kingstonsos
47%
edgemetalingus
45%
rob van damone of a kind
37%
aj leelight it up
28%
john cenatime is now
26%
sheamuswritten in my face
17%
beth phoenixglamazon
15%
trish stratustime to rock and roll
10%
ultimate warriorunstable
10%
kaitlynhigher
7%
litalove fury passion energy
7%
natalyanew foundation
7%
triple hthe king of kings
6%
hulk hoganreal americans
4%
mark henrysome bodies gunna get it
1%

Score Distribution

Percentile by Number Answered

Percent of People with Each Score

Your Score History

You have not taken this quiz